|
|
|
|
| LEADER |
00000nab a2200000 a 4500 |
| 001 |
vtls008639925 |
| 003 |
SK-MaSNL |
| 005 |
20260304210850.0 |
| 008 |
250505c2005 xo mr|p|||||||000 b|slo |
| 015 |
|
|
|a SNBRB2006/03
|2 snkbucl
|
| 035 |
|
|
|a (uuid)e326008b-6581-47f1-98b4-c6bae0bb3cd1
|
| 035 |
|
|
|a urn:nbn:sk:snk-abwvk
|
| 035 |
|
|
|a (urnnbn)urn:nbn:sk:snk:ar-a03r3c
|
| 038 |
|
|
|a SNKBUCL
|
| 040 |
|
|
|a SNKBUCL
|b slo
|c SNKBUCL
|e AACR2
|
| 041 |
0 |
|
|a eng
|
| 044 |
|
|
|a xo
|c SK
|
| 080 |
|
|
|a 621.37.029.6:004.94
|2 1997
|
| 080 |
|
|
|a 004.42:004.94
|2 1997
|
| 080 |
|
|
|a 004.94
|2 1997
|
| 245 |
0 |
0 |
|a Software for microwave device models identification
|c Michal Klasovitý ... [et al.]
|
| 300 |
|
|
|b Grafy, sch.
|
| 500 |
|
|
|a Biogr. údaje
|
| 504 |
|
|
|a Bibliogr. odkazy
|
| 546 |
|
|
|a Res. angl.
|
| 650 |
0 |
7 |
|a mikrovlnná technika
|2 snkbucl
|9 3672
|
| 650 |
0 |
7 |
|a počítačová simulácia
|2 snkbucl
|9 1866
|
| 650 |
0 |
7 |
|a simulačné programy
|2 snkbucl
|9 67518
|
| 700 |
1 |
|
|a Klasovitý, Michal
|d 1977-
|4 aut
|9 1542571
|
| 700 |
1 |
|
|a Tomáška, Martin
|d 1955-
|4 aut
|9 1149557
|
| 700 |
1 |
|
|a Kováč, Jaroslav,
|d 1947-
|4 aut
|9 208399
|
| 700 |
1 |
|
|a Uherek, František,
|d 1954-
|4 aut
|9 218958
|
| 773 |
0 |
|
|t Journal of electrical engineering = Elektrotechnický časopis
|g Vol. 56, no. 9-10 (2005), p. 274-277
|x 1335-3632
|
| 850 |
|
|
|a Slovenská národná knižnica
|
| 852 |
|
|
|a Slovenská národná knižnica
|
| 958 |
|
|
|a article27
|
| 958 |
|
|
|a NB
|
| 958 |
|
|
|a OND
|
| 958 |
|
|
|a EUIPO
|
| 999 |
|
|
|c 3127721
|d 3129651
|